Brawl Stars: Bo Skins by Picture - Statistics

General Stats
  • This quiz has been taken 81 times
    27 since last reset
  • The average score is 11 of 16
Answer Stats
Picture Answer % Correct
Cupid Bo
94%
True Gold Bo
94%
True Silver Bo
94%
Mecha Bo
83%
Brother Bo
78%
Horus Bo
78%
Underworld Bo
78%
Gold Mecha Bo
72%
Wasp Bo
67%
Ho Ho Ho Bo
61%
Light Mecha Bo
61%
Warrior Bo
61%
Knight Bo
56%
Supreme Bo
39%
King Starrthur Bo
22%
King Archer Bo
17%
No matching quizzes found
Score Distribution
Percent of People with Each Score
Percentile by Number Answered
Your Score History
You have not taken this quiz since the last reset